| 000 | 00877nas a2200289 4500 | ||
|---|---|---|---|
| 001 | BR2012006095 | ||
| 003 | BR-BrBNA | ||
| 005 | 20231205121003.0 | ||
| 007 | ta | ||
| 008 | 230509b bl.|||p| |||| 00| 00por d | ||
| 040 |
_aBR-BrBNA _bpor _cBiblioteca Nacional de Agricultura |
||
| 041 | _a(En) | ||
| 072 | _aF03 | ||
| 100 | 1 | _aHilst, P.C. | |
| 100 | 1 | _aDias, D.C.F. dos S. | |
| 100 | 1 | _aAlvarenga, E.M. | |
| 100 | 1 | _aSouza, B.L. de | |
| 245 | 1 | _aTest of exudates color hues for evaluating the physiological potential of coffee (Coffea arabica L.)seeds | |
| 650 | _aCAFÉ | ||
| 650 | _aCOFFEA ARÁBICA | ||
| 650 | _aGERMINAÇÃO | ||
| 650 | _aQUALIDADE | ||
| 650 | _aSEMENTE | ||
| 773 | 0 |
_tRevista Brasileira de Sementes (Brazil) _xISSN 0101-3122 _g(2012), v. 34(2) p. 212-217 _wBR2012006095 |
|
| 909 |
_a202311 _bLúcia _c55 _dLúcia Elande |
||
| 942 |
_2AGRIS _n0 _cANA |
||
| 999 |
_c221329 _d221329 |
||